Pathian Lehkhabu Thianghlim: (Record no. 6873)

MARC details
000 -LEADER
fixed length control field 00440nam a22001577a 4500
003 - CONTROL NUMBER IDENTIFIER
control field GBCCL
005 - DATE AND TIME OF LATEST TRANSACTION
control field 20251201124234.0
008 - FIXED-LENGTH DATA ELEMENTS--GENERAL INFORMATION
fixed length control field 180702b ||||| |||| 00| 0 eng d
040 ## - CATALOGING SOURCE
Transcribing agency gbc
082 ## - DEWEY DECIMAL CLASSIFICATION NUMBER
Classification number VER 220.5954
Item number MIZ 1
245 ## - TITLE STATEMENT
Title Pathian Lehkhabu Thianghlim:
Remainder of title Thuthlung Hlui leh Thuthlung Thar
260 ## - PUBLICATION, DISTRIBUTION, ETC.
Place of publication, distribution, etc. Bangalore:
Name of publisher, distributor, etc. Bible Society of India
300 ## - PHYSICAL DESCRIPTION
Extent 1240 p.;
Other physical details maps,
Dimensions 20 cm.
650 ## - SUBJECT ADDED ENTRY--TOPICAL TERM
Topical term or geographic name entry element Bible
General subdivision Mizo
9 (RLIN) 12290
942 ## - ADDED ENTRY ELEMENTS (KOHA)
Source of classification or shelving scheme Dewey Decimal Classification
Koha item type Reference Books
Holdings
Withdrawn status Lost status Source of classification or shelving scheme Damaged status Not for loan Collection Home library Current Library Shelving location Date acquired Total checkouts Full call number Barcode Date last seen Copy number Price effective from Koha item type
    Dewey Decimal Classification       GRACE BIBLE COLLEGE GRACE BIBLE COLLEGE Bible 2018-07-02   VER 220.5954 MIZ 001521 2025-05-01 c.1 2018-07-02 Reference Books
© Grace Bible College Library 2025